00795 2200289 4500001002100000005001500021035002500036008004100061020002200102040001700124082001500141084001700156100003300173245006200206250001100268260003100279300002500310650001600335700002200351850001200373007000300385090002100388090002100409504003300430999002100463990002100484INLIS00000000001528720200507121536 a0010-101500000001021151027s2015 yoi f ind d a978-602-0806-10-5 aYOPDYOGbind04222a297.23 a297.23 RIZ k0 aRizem Aizid,d1987-ePenulis 0aKetika ruh dikembalikan /cRizem Aizid; penyunting, Hamid aCet. 13 aYogyakarta :bSaufa,c2015 a208 halaman ;c20 cm 4aAlam Barzah0 aHamidePenyunting aYOPDYOGta aDEP 297.23 RIZ k aCB-D.11 2015-499 aBibliografi: halaman 198-205 aCB-D.11/2015-499 aCB-D.11/2015-499